Loading...
| Literature - British Literature | 0 | 6 | 0 | 2 | 60 | 112 | 127.17 | 0 | 2 |
| Philosophy | 0 | 5 | 0 | 2 | 50 | 120 | 123.20 | 0 | 0 |
| Literature - World/Other Literature | 0 | 5 | 0 | 1 | 50 | 101 | 131.40 | 0 | 0 |
| Literature - American Literature | 0 | 5 | 0 | 1 | 50 | 91 | 112.60 | 0 | 1 |
| Literature - European Literature | 0 | 5 | 1 | 0 | 45 | 110 | 130.80 | 0 | 0 |
| Science - Chemistry | 0 | 3 | 0 | 1 | 30 | 62 | 72.67 | 1 | 2 |
| Fine Arts - Classical Music | 0 | 2 | 0 | 0 | 20 | 134 | 134.50 | 0 | 0 |
| Science - Biology | 0 | 2 | 0 | 1 | 20 | 106 | 116.00 | 0 | 0 |
| Social Science | 0 | 2 | 0 | 1 | 20 | 79 | 97.00 | 0 | 0 |
| Fine Arts - Other Fine Arts | 0 | 2 | 1 | 1 | 15 | 85 | 115.50 | 0 | 1 |
| History - European History | 0 | 1 | 0 | 0 | 10 | 118 | 118.00 | 0 | 0 |
| Science - Other Science | 0 | 1 | 0 | 0 | 10 | 110 | 110.00 | 0 | 0 |
| History - Other History | 0 | 1 | 0 | 1 | 10 | 121 | 121.00 | 0 | 0 |
| Mythology | 0 | 1 | 0 | 0 | 10 | 115 | 115.00 | 0 | 0 |
| Science - Physics | 0 | 1 | 0 | 0 | 10 | 119 | 119.00 | 0 | 0 |
| Religion | 0 | 0 | 0 | 0 | 0 | 0.00 | 0 | 0 | |
| Other Academic | 0 | 0 | 0 | 0 | 0 | 0.00 | 0 | 0 | |
| Fine Arts - Visual Fine Arts | 0 | 0 | 1 | 0 | -5 | 0.00 | 0 | 0 |